| 000 | 00750nam a2200241 4500 | ||
|---|---|---|---|
| 003 | OSt | ||
| 005 | 20260601171005.0 | ||
| 008 | 260505b\\\\\\\\||||||||\||||\00|\0\eng\d | ||
| 020 | _a0823071561 | ||
| 040 |
_aICI _bSPA _cICI |
||
| 041 | _aeng | ||
| 050 |
_aTS171.A1 _bN92 1978 |
||
| 245 | 1 |
_aDesign review : _bIndustrial design 24th annual / _cCompiled and written by Barry Dean |
|
| 246 | _a Industrial design | ||
| 264 |
_aNew York : _bWhitney Library of Design, _cc1978 |
||
| 300 |
_a191 páginas : _bilustraciones |
||
| 336 |
_atexto _2rdacontent |
||
| 337 |
_asin medio _2rdamedia |
||
| 338 |
_avolumen _2rdacarrier |
||
| 650 |
_aDiseño industrial _vPublicaciones periodicas |
||
| 700 | 1 |
_aDean, Barry, _ecompilador _932186 |
|
| 942 |
_2lcc _cB _n1 |
||
| 999 |
_c20261 _d20261 |
||